00729nam a2200193 a 450000100100000000500170001000800410002704000250006808200220009310000340011524500920014926000350024130000200027650400310029650000620032765000500038970000330043971000630047200004089420201002034446.0130911s2006 dr 000 0 spa d aDO-SdBNPbspacBNPHU a344.729301bL462p1 aLeclerc Jáquez, Luis Rafael10aProcedimiento laboral /cLuis Rafael Leclerc Jáquez; prólogo, Miguel Angel Prestol. aSanto Domingo :bItesa,c2006. a164 p ;c23 cm. aBibliografía: p. 163-164 aIncluye datos biográficos del autor en la contraportada 4aProcedimiento laboralzRepública Dominicana12aPrestol, Miguel Angeleprol.2 aInstituto Tecnológico Salesiano (República Dominicana)